000 00762nam a2200205 i 4500
001 172289
003 ES-MaACL
005 20230906214849.0
008 090623s1898 fr |||| | fre d
080 _a821.133.1-2"18"
100 1 _aScribe, Eugène.
_9104966
245 1 0 _aAdrienne Lecouvreur
_b: comédie-drame en cinq actes /
_cEugène Scribe ; en société avec Legouvé.
260 _aParis :
_bCalmann-Lévy,
_c1898.
300 _ap. 157-293 ;
_c18 cm.
490 1 _aOeuvres completes de Eugène Scribe. 1e série ;
_v6
700 1 _aLegouvé, Ernest.
_971292
830 0 _aOeuvres completes de Eugène Scribe. 1e série ;
_v6
_9223284
852 4 _aES-MaACL
_jE-12720
_9R.140289
_z. - Biblioteca Jacinto Martínez Lacalle
999 _c172289
_d172289